[Event "interzonal (w)"]
[Site "Jakarta INA"]
[Date "1993.??.??"]
[Round "1"]
[White "Amura, Claudia"]
[Black "Kulish, Irina"]
[Result "1/2-1/2"]
[WhiteElo "2365"]
[BlackElo "2225"]
[EventDate "1993.07.??"]
[PlyCount "81"]

1.d4 Nf6 2.c4 e6 3.Nc3 Bb4 4.Qc2 c5 5.dxc5 O-O 6.Nf3 Na6 7.g3 Nxc5 8.Bg2 
Nce4 9.O-O Bxc3 10.bxc3 Qa5 11.Nd4 d5 12.cxd5 exd5 13.c4 Qc5 14.Bb2 Qxc4 
15.Qxc4 dxc4 16.Rac1 Rd8 17.e3 Bd7 18.f3 Nc5 19.Rxc4 Nd3 20.Rb1 Nd5 21.e4 
Ne3 22.Rc3 Nxb2 23.Rxe3 Nc4 24.Rc3 Nb6 25.Rc7 Be8 26.Nf5 Rd7 27.Rbc1 Rad8 
28.Rxd7 Rxd7 29.e5 Rd2 30.f4 Rxa2 31.Bxb7 g6 32.Nd6 Ba4 33.Nc8 Nxc8 34.
Rxc8+ Kg7 35.Bd5 Rc2 36.Rxc2 Bxc2 37.Kf2 Kf8 38.Ke3 Ke7 39.Kd4 h5 40.Kc5 
f6 41.Bc4 1/2-1/2

[Event "interzonal (w)"]
[Site "Jakarta INA"]
[Date "1993.??.??"]
[Round "1"]
[White "Arakhamia, Ketevan"]
[Black "Levitan, Yuliya"]
[Result "1-0"]
[WhiteElo "2440"]
[BlackElo "2270"]
[EventDate "1993.07.??"]
[PlyCount "57"]

1.e4 c5 2.Nf3 Nc6 3.d4 cxd4 4.Nxd4 g6 5.c4 Bg7 6.Be3 Nf6 7.Nc3 d6 8.Be2 
O-O 9.O-O Bd7 10.f3 a5 11.Qd2 Re8 12.Rfd1 a4 13.Rac1 Qa5 14.Ndb5 Ne5 15.
Nd5 Qxd2 16.Rxd2 Bxb5 17.Nxf6+ Bxf6 18.cxb5 Rac8 19.Rdc2 Rxc2 20.Rxc2 Nd7 
21.Rc7 Nc5 22.b6 Rb8 23.Kf1 Bxb2 24.Rxe7 Bf6 25.Rc7 Bd8 26.e5 Ne6 27.exd6 
Nxc7 28.bxc7 Rc8 29.Bb6 1-0

[Event "interzonal (w)"]
[Site "Jakarta INA"]
[Date "1993.??.??"]
[Round "1"]
[White "Cramling, Pia"]
[Black "Safranska, Anda"]
[Result "1-0"]
[WhiteElo "2525"]
[BlackElo "2290"]
[EventDate "1993.07.??"]
[PlyCount "79"]

1.d4 Nf6 2.c4 g6 3.Nc3 Bg7 4.e4 d6 5.h3 O-O 6.Bg5 Nbd7 7.Nf3 c5 8.d5 Qa5 
9.Bd2 a6 10.a4 Qc7 11.Bd3 e5 12.g4 Re8 13.Nh2 Nf8 14.Be2 Qe7 15.h4 N6d7 
16.Nf1 f5 17.gxf5 gxf5 18.Ng3 Nf6 19.exf5 e4 20.Rg1 Kh8 21.Bg5 Qe5 22.Qd2 
N8d7 23.O-O-O b5 24.cxb5 axb5 25.Bxb5 Rg8 26.Rde1 c4 27.Bxd7 Bxd7 28.Ngxe4
Nxe4 29.Rxe4 Qxf5 30.Rxc4 Rgc8 31.Bh6 Be5 32.Rxc8+ Rxc8 33.Qg5 Qxg5+ 34.
Bxg5 Bxa4 35.Kd2 Bd7 36.f4 Bg7 37.Be7 Rb8 38.Kc1 Bh6 39.Bxd6 Rb6 40.Be5+ 
1-0

[Event "interzonal (w)"]
[Site "Jakarta INA"]
[Date "1993.??.??"]
[Round "1"]
[White "Gurieli, Nino"]
[Black "Sulistya, Maria Lucia Ratna"]
[Result "1-0"]
[WhiteElo "2355"]
[BlackElo "2190"]
[EventDate "1993.07.??"]
[PlyCount "89"]

1.Nf3 Nf6 2.c4 e6 3.Nc3 b6 4.g3 Bb7 5.Bg2 c5 6.O-O Be7 7.d4 cxd4 8.Qxd4 
Nc6 9.Qd1 O-O 10.e4 Na5 11.e5 Ne8 12.b3 d6 13.Ba3 Rc8 14.Qd3 d5 15.Bxe7 
Qxe7 16.cxd5 exd5 17.Nxd5 Bxd5 18.Qxd5 Rc5 19.Qe4 Nc7 20.Rac1 Ne6 21.b4 
Rxc1 22.Rxc1 Nb7 23.Nh4 Nbd8 24.Nf5 Qd7 25.Nd6 Qa4 26.Qc4 a5 27.b5 Qxc4 
28.Rxc4 Nc5 29.f4 Nde6 30.f5 Nc7 31.Nb7 Nxb5 32.Nxc5 bxc5 33.Rxc5 Nd4 34.
Be4 g6 35.g4 Rd8 36.Rxa5 Ne2+ 37.Kf2 Nc3 38.Ke3 gxf5 39.gxf5 Kg7 40.Ra7 
Nd1+ 41.Ke2 Nb2 42.a4 Nc4 43.e6 Rd2+ 44.Kf3 Ne5+ 45.Kf4 1-0

[Event "interzonal (w)"]
[Site "Jakarta INA"]
[Date "1993.??.??"]
[Round "1"]
[White "Holoubkova, Martina"]
[Black "Demina, Yulia"]
[Result "1/2-1/2"]
[WhiteElo "2235"]
[BlackElo "2365"]
[EventDate "1993.07.??"]
[PlyCount "68"]

1.e4 c5 2.c3 d5 3.exd5 Qxd5 4.d4 e6 5.Nf3 cxd4 6.cxd4 Nf6 7.Nc3 Qd6 8.Bd3 
Nc6 9.a3 Be7 10.O-O O-O 11.Be3 a6 12.Qe2 h6 13.Rad1 Rd8 14.Bb1 b5 15.Bc1 
Bb7 16.Ne4 Qd5 17.b4 Nxe4 18.Bxe4 Qh5 19.Qe3 a5 20.Bd2 axb4 21.axb4 Bf6 
22.Rc1 Rac8 23.Rc5 g5 24.Rfc1 Rd6 25.Ne5 Nxd4 26.Rxc8+ Bxc8 27.Rxc8+ Kg7 
28.Nf3 e5 29.g3 Qg4 30.Rc1 Nf5 31.Bxf5 Qxf5 32.Bc3 Rd3 33.Qc5 Rxf3 34.Re1 
Qc2 1/2-1/2

[Event "interzonal (w)"]
[Site "Jakarta INA"]
[Date "1993.??.??"]
[Round "1"]
[White "Marinello, Beatriz"]
[Black "Lelchuk, Zoya"]
[Result "1/2-1/2"]
[WhiteElo "2160"]
[BlackElo "2340"]
[EventDate "1993.07.??"]
[PlyCount "81"]

1.e4 e5 2.Nf3 Nf6 3.Nxe5 d6 4.Nf3 Nxe4 5.d4 d5 6.Bd3 Bd6 7.O-O O-O 8.c4 c6
9.cxd5 cxd5 10.Nc3 Nxc3 11.bxc3 Bg4 12.Rb1 Nd7 13.h3 Bh5 14.Rb5 Nb6 15.c4 
Bxf3 16.Qxf3 dxc4 17.Be4 Rb8 18.Bxb7 f5 19.Bd2 Kh8 20.Bc6 Rc8 21.Ba5 Qf6 
22.d5 Qe5 23.Re1 Qh2+ 24.Kf1 Na4 25.Re6 Nc5 26.Rxd6 Qh1+ 27.Ke2 Rce8+ 28.
Bxe8 Rxe8+ 29.Qe3 Rxe3+ 30.Kxe3 h6 31.Rd8+ Kh7 32.Rxc5 Qxg2 33.Rxc4 Qxh3+ 
34.f3 Qh2 35.Bc3 Qg1+ 36.Kd3 Qf1+ 37.Kd4 Qf2+ 38.Ke5 Qe2+ 39.Kd4 Qf2+ 40.
Ke5 Qe2+ 41.Kd4 1/2-1/2

[Event "interzonal (w)"]
[Site "Jakarta INA"]
[Date "1993.??.??"]
[Round "1"]
[White "Peng Zhaoqin"]
[Black "Johansson, Viktoria"]
[Result "1-0"]
[WhiteElo "2335"]
[BlackElo "2155"]
[EventDate "1993.07.??"]
[PlyCount "81"]

1.d4 Nf6 2.Nf3 g6 3.Bg5 Bg7 4.Nbd2 d5 5.e3 O-O 6.Bd3 Nbd7 7.O-O c6 8.h3 
Re8 9.c4 Qb6 10.Qc2 e5 11.dxe5 Nxe5 12.Nxe5 Rxe5 13.Bh4 Bf5 14.Bxf5 Rxf5 
15.Rad1 Re8 16.b3 Ne4 17.cxd5 Nxd2 18.Rxd2 Rxd5 19.Rfd1 Qb4 20.Bg3 Rxd2 
21.Qxd2 Qxd2 22.Rxd2 Bf6 23.Rd7 b6 24.Rxa7 Be5 25.Bh4 f6 26.f4 Bc3 27.Kf2 
h6 28.Kf3 g5 29.Bf2 f5 30.Rc7 Re6 31.g4 fxg4+ 32.hxg4 gxf4 33.exf4 c5 34.
Rd7 Bb2 35.Be3 Rc6 36.f5 b5 37.Rb7 b4 38.Rb5 c4 39.bxc4 Rxc4 40.Bxh6 Ba3 
41.g5 1-0

[Event "interzonal (w)"]
[Site "Jakarta INA"]
[Date "1993.??.??"]
[Round "1"]
[White "Qin Kanying"]
[Black "Botsari, Anna-Maria"]
[Result "1/2-1/2"]
[WhiteElo "2410"]
[BlackElo "2245"]
[EventDate "1993.07.??"]
[PlyCount "72"]

1.e4 e5 2.Nf3 Nc6 3.Bb5 Nd4 4.Nxd4 exd4 5.d3 Bc5 6.Qh5 Qe7 7.Bg5 Qe6 8.O-O
Qg6 9.Qh4 h6 10.Bf4 c6 11.Bc4 Ne7 12.c3 d5 13.b4 Bxb4 14.exd5 dxc3 15.a3 
Bc5 16.Nxc3 O-O 17.Be5 cxd5 18.Nxd5 Nxd5 19.Bxd5 Qxd3 20.Be4 Qd8 21.Qg3 
Qg5 22.Qc3 Re8 23.Rae1 Bf8 24.Bf4 Qb5 25.a4 Qd7 26.Re3 g6 27.Qc4 Qg4 28.
Bf3 Be6 29.Qc7 Qh4 30.g3 Qd8 31.Bxb7 Bh3 32.Qxd8 Raxd8 33.Rfe1 Rxe3 34.
Bxe3 a5 35.Bc6 Rc8 36.Bb5 Bb4 1/2-1/2

[Event "interzonal (w)"]
[Site "Jakarta INA"]
[Date "1993.??.??"]
[Round "1"]
[White "Starr, Nava"]
[Black "Sofieva, Ainur"]
[Result "0-1"]
[WhiteElo "2210"]
[BlackElo "2390"]
[EventDate "1993.07.??"]
[PlyCount "92"]

1.e4 e5 2.Nf3 Nc6 3.Nc3 Nf6 4.d4 exd4 5.Nxd4 Bb4 6.Nxc6 bxc6 7.Bd3 d5 8.
exd5 cxd5 9.O-O O-O 10.Bg5 Be6 11.Qf3 Be7 12.h3 Rb8 13.b3 h6 14.Bd2 c5 15.
Bf4 Rc8 16.Rad1 Qa5 17.Bd2 c4 18.bxc4 dxc4 19.Ne4 Qc7 20.Nxf6+ Bxf6 21.Be4
Be5 22.Rfe1 c3 23.Be3 Rb8 24.Qh5 Bf4 25.Qc5 Qxc5 26.Bxc5 Rfc8 27.Bxa7 Rb4 
28.Rd4 Rxd4 29.Bxd4 Bd2 30.Rb1 Bxa2 31.Rb7 Re8 32.f3 Rd8 33.Rc7 f5 34.
Rxg7+ Kf8 35.Bxf5 Rxd4 36.Rd7 Rxd7 37.Bxd7 Ke7 38.Bf5 Kf6 39.Bd3 Ke5 40.
Kf2 Kd4 41.g3 Bc4 42.Bg6 Be3+ 43.Ke1 Bg1 44.f4 Ke3 45.Kd1 Kf3 46.g4 Be3 
0-1

[Event "interzonal (w)"]
[Site "Jakarta INA"]
[Date "1993.??.??"]
[Round "1"]
[White "Tverskaya, Julia"]
[Black "Wang Pin"]
[Result "0-1"]
[WhiteElo "2090"]
[BlackElo "2335"]
[EventDate "1993.07.??"]
[PlyCount "82"]

1.e4 c5 2.Nf3 d6 3.d4 cxd4 4.Nxd4 Nf6 5.Nc3 a6 6.Be2 e6 7.O-O Be7 8.f4 O-O
9.Kh1 Qc7 10.Qe1 b5 11.Bf3 Bb7 12.e5 dxe5 13.fxe5 Nfd7 14.Bf4 Nc5 15.Rd1 
Nbd7 16.b4 Na4 17.Ne4 Rad8 18.Qg3 Bxe4 19.Bxe4 Nc3 20.Rde1 Nxe4 21.Rxe4 
Kh8 22.Bg5 Bxg5 23.Qxg5 h6 24.Qe7 Rfe8 25.Qd6 Qxd6 26.exd6 Nf6 27.Re5 Rxd6
28.c3 Nd5 29.Rxf7 Nxc3 30.Ne2 Rd1+ 31.Ng1 Nxa2 32.h3 Nxb4 33.Kh2 Rd5 34.
Re4 Nd3 35.Nf3 Kg8 36.Ra7 Nc5 37.Re2 Rd7 38.Rxd7 Nxd7 39.Nd4 b4 40.Rb2 a5 
41.Nc6 Ra8 0-1

[Event "interzonal (w)"]
[Site "Jakarta INA"]
[Date "1993.??.??"]
[Round "1"]
[White "Voiska, Margarita"]
[Black "Thipsay, Bagyashree Sathe"]
[Result "1/2-1/2"]
[WhiteElo "2345"]
[BlackElo "2175"]
[EventDate "1993.07.??"]
[PlyCount "82"]

1.c4 e6 2.Nc3 f5 3.d4 Nf6 4.Bg5 Be7 5.Nf3 d5 6.e3 c6 7.Bd3 O-O 8.O-O Ne4 
9.Bxe7 Qxe7 10.Bxe4 dxe4 11.Nd2 Nd7 12.f3 exf3 13.Qxf3 e5 14.c5 Qf6 15.Qf2
b6 16.cxb6 axb6 17.Rfd1 exd4 18.exd4 Bb7 19.Nf3 Rad8 20.Re1 Qd6 21.Ng5 
Rfe8 22.Rxe8+ Rxe8 23.Rd1 h6 24.Nh3 Qf6 25.Nf4 Nf8 26.d5 c5 27.h3 Nd7 28.
Ne6 Ne5 29.Qf4 Bc8 30.Nc7 Rd8 31.N7b5 Bd7 32.d6 Bxb5 33.Nxb5 Ng6 34.Qc4+ 
Kh7 35.a4 Qxb2 36.Na7 Qf6 37.Qd5 Rd7 38.Nc6 f4 39.Nb8 Rd8 40.Nc6 Rd7 41.
Nb8 Rd8 1/2-1/2

[Event "interzonal (w)"]
[Site "Jakarta INA"]
[Date "1993.??.??"]
[Round "1"]
[White "Wijayanti, Lindri Juni"]
[Black "Jurgens, Vera"]
[Result "0-1"]
[WhiteElo "2185"]
[BlackElo "2350"]
[EventDate "1993.07.??"]
[PlyCount "114"]

1.e4 e5 2.Nf3 Nc6 3.Bb5 g6 4.d4 exd4 5.Nxd4 Bg7 6.c3 Nf6 7.O-O O-O 8.f3 
Nxd4 9.cxd4 c6 10.Ba4 d5 11.e5 Ne8 12.Nc3 Qb6 13.Re1 Nc7 14.Bb3 Ne6 15.Be3
Qd8 16.Ne2 f6 17.f4 Bd7 18.Ng3 fxe5 19.fxe5 Qh4 20.Qd2 Rf7 21.Rf1 Raf8 22.
Rxf7 Rxf7 23.Rf1 Rxf1+ 24.Nxf1 Bf8 25.Bf2 Qe7 26.Ng3 Be8 27.Be3 Qf7 28.Qe2
Be7 29.Qg4 Bd7 30.Bc2 Kf8 31.Ne2 Ke8 32.Qf3 Qxf3 33.gxf3 Ng7 34.Ng3 b6 35.
Bb3 Bc8 36.Ba4 Kd7 37.Bh6 Ne6 38.Be3 Ba6 39.f4 Bd3 40.Bd1 Ng7 41.Ba4 h5 
42.Kf2 Bd8 43.Ke1 b5 44.Kd2 h4 45.Kxd3 hxg3 46.Bd1 gxh2 47.Bf3 Bh4 48.Ke2 
Nf5 49.Bg2 h1=Q 50.Bxh1 Ng3+ 51.Kf3 Nxh1 52.Kg4 Bf2 53.Bc1 Ke6 54.Kg5 Bxd4
55.Kxg6 Ng3 56.Kg5 Nf5 57.b3 Be3 0-1

[Event "interzonal (w)"]
[Site "Jakarta INA"]
[Date "1993.??.??"]
[Round "2"]
[White "Botsari, Anna-Maria"]
[Black "Amura, Claudia"]
[Result "0-1"]
[WhiteElo "2245"]
[BlackElo "2365"]
[EventDate "1993.07.??"]
[PlyCount "76"]

1.d4 Nf6 2.c4 e6 3.Nc3 Bb4 4.Qc2 O-O 5.a3 Bxc3+ 6.Qxc3 b5 7.cxb5 c6 8.a4 
Bb7 9.Nf3 a6 10.bxa6 Nxa6 11.Bg5 Rc8 12.b4 Qb6 13.Bxf6 gxf6 14.a5 Qxb4 15.
Qxb4 Nxb4 16.Rb1 c5 17.dxc5 Nc2+ 18.Kd2 Be4 19.Rb5 Rfd8 20.Kc3 Na3 21.Rb3 
Nb1+ 22.Kd4 d5 23.cxd6 Bc2 24.Rb6 e5+ 25.Nxe5 fxe5+ 26.Kxe5 Rc5+ 27.Kf4 
Rxa5 28.e4 Nd2 29.Rb2 Rc5 30.e5 f6 31.e6 Rxd6 32.Rb8+ Kg7 33.e7 Bg6 34.Bb5
Rf5+ 35.Kg4 Rd4+ 36.f4 Rfxf4+ 37.Kh3 Ne4 38.g4 Nf2+ 0-1

[Event "interzonal (w)"]
[Site "Jakarta INA"]
[Date "1993.??.??"]
[Round "2"]
[White "Csoke, Adrienn"]
[Black "Tverskaya, Julia"]
[Result "1/2-1/2"]
[WhiteElo "2235"]
[BlackElo "2090"]
[EventDate "1993.07.??"]
[PlyCount "139"]

1.e4 c5 2.Nf3 Nc6 3.d4 cxd4 4.Nxd4 Nf6 5.Nc3 e5 6.Ndb5 d6 7.Bg5 a6 8.Na3 
Be7 9.Nc4 b5 10.Bxf6 gxf6 11.Ne3 Nd4 12.Bd3 Be6 13.Ncd5 Rg8 14.c3 Nc6 15.
b4 Kf8 16.Qh5 Kg7 17.Nf5+ Kh8 18.Nfxe7 Nxe7 19.Nxf6 Rg7 20.Qf3 Rc8 21.Be2 
Ng6 22.g3 Nf4 23.gxf4 Qxf6 24.f5 Bc4 25.a4 d5 26.axb5 Bxb5 27.Bxb5 axb5 
28.Ke2 Qh4 29.exd5 e4 30.Qe3 Qh5+ 31.Kd2 Qxf5 32.Qd4 f6 33.Rhe1 Rd7 34.
Qxe4 Rxd5+ 35.Kc2 Qxf2+ 36.Re2 Qf5 37.Rae1 Qxe4+ 38.Rxe4 Rh5 39.R1e2 Rh3 
40.R4e3 Rxe3 41.Rxe3 Kg7 42.Re7+ Kg6 43.Rb7 f5 44.Rxb5 f4 45.Re5 f3 46.Re1
Kg5 47.Kd3 Kf4 48.Re4+ Kf5 49.Re7 Rd8+ 50.Ke3 Rc8 51.Rf7+ Kg6 52.Rxf3 
Rxc3+ 53.Kf2 Rc2+ 54.Kg3 Rb2 55.Rf4 Rb3+ 56.Kg4 h5+ 57.Kh4 Rb2 58.h3 Rb3 
59.Rc4 Kf6 60.Rc6+ Ke5 61.Rc5+ Kd6 62.Rb5 Kc6 63.Re5 Kd6 64.Re4 Kd5 65.Re8
Kd6 66.Re2 Rxb4+ 67.Kxh5 Rb8 68.Re3 Rh8+ 69.Kg6 Kd5 70.Kg5 1/2-1/2

[Event "interzonal (w)"]
[Site "Jakarta INA"]
[Date "1993.??.??"]
[Round "2"]
[White "Demina, Yulia"]
[Black "Dabrowska, Krystyna"]
[Result "1/2-1/2"]
[WhiteElo "2365"]
[BlackElo "2240"]
[EventDate "1993.07.??"]
[PlyCount "132"]

1.Nf3 Nf6 2.c4 e6 3.g3 b6 4.Bg2 Bb7 5.O-O Be7 6.Nc3 O-O 7.Re1 c5 8.e4 d6 
9.d4 cxd4 10.Nxd4 Qc8 11.b3 a6 12.Bb2 Nc6 13.Rc1 Rb8 14.h3 Qd7 15.a4 Nxd4 
16.Qxd4 Bc6 17.Bf1 Rfd8 18.Rcd1 Qb7 19.Qe3 Bf8 20.b4 Qa8 21.b5 Be8 22.e5 
dxe5 23.Rxd8 Rxd8 24.Qxb6 axb5 25.axb5 Nd7 26.Qe3 f5 27.Ra1 Qc8 28.Na4 e4 
29.Rd1 Qa8 30.Qb3 Rb8 31.Bd4 Rc8 32.Nb6 Nxb6 33.Bxb6 Qb8 34.Qe3 Qe5 35.Qd4
Qxd4 36.Rxd4 Kf7 37.Kg2 e5 38.Rd1 Ke6 39.g4 g6 40.Ra1 h5 41.Ra6 Kd7 42.
Ra7+ Ke6 43.Be3 Bd7 44.gxf5+ gxf5 45.Be2 Bd6 46.Kf1 Rc7 47.Ra8 f4 48.Bb6 
f3 49.Bd1 Bxb5 50.Bxc7 Bxc4+ 51.Kg1 Bxc7 52.Bc2 Bd3 53.Bb3+ Kd6 54.Rf8 Bb6
55.Rf6+ Kc5 56.Re6 Bc7 57.Re7 Bd6 58.Re6 Kc6 59.Ba4+ Kc7 60.Re8 Bc4 61.Bc2
Bd3 62.Ba4 Kb6 63.Re6 Kc5 64.Bb3 Bb1 65.Kf1 Bd3+ 66.Kg1 Bb5 1/2-1/2

[Event "interzonal (w)"]
[Site "Jakarta INA"]
[Date "1993.??.??"]
[Round "2"]
[White "Foisor, Cristina"]
[Black "Cramling, Pia"]
[Result "0-1"]
[WhiteElo "2360"]
[BlackElo "2525"]
[EventDate "1993.07.??"]
[PlyCount "114"]

1.c4 g6 2.g3 Bg7 3.Bg2 c5 4.Nc3 Nc6 5.Nf3 d6 6.O-O e5 7.a3 Nge7 8.Rb1 a5 
9.Ne1 Be6 10.d3 O-O 11.Nc2 d5 12.cxd5 Nxd5 13.Ne4 b6 14.Ng5 Bc8 15.Ne3 
Nxe3 16.Bxe3 Bb7 17.Qa4 Qc7 18.Qh4 h6 19.Ne4 Nd4 20.Bxd4 exd4 21.Qf4 Qxf4 
22.gxf4 Rfe8 23.Rfc1 Rad8 24.b4 cxb4 25.axb4 a4 26.b5 a3 27.Ra1 Bxe4 28.
Bxe4 Bf8 29.Rc6 Bc5 30.Ra2 Re7 31.Kf1 Ra7 32.Ke1 Ra5 33.Kd2 Rxb5 34.Kc2 
Rd6 35.Rc8+ Kg7 36.Bc6 Ra5 37.f5 Rf6 38.fxg6 Be7 39.Bf3 fxg6 40.Kb3 Rb5+ 
41.Kc2 Rff5 42.Rc4 Bc5 43.Ra4 Bb4 44.Ra7+ Kf6 45.Rc7 Bd6 46.Rc6 Ke7 47.h3 
Rg5 48.Rc4 Bc5 49.Bg4 h5 50.f4 hxg4 51.fxg5 gxh3 52.Ra4 h2 53.Ra7+ Ke6 54.
Rh7 Bd6 55.e4 dxe3 56.Ra1 Rxg5 57.Re1 Bf4 0-1

[Event "interzonal (w)"]
[Site "Jakarta INA"]
[Date "1993.??.??"]
[Round "2"]
[White "Johansson, Viktoria"]
[Black "Uskova, Fliura"]
[Result "0-1"]
[WhiteElo "2155"]
[BlackElo "2260"]
[EventDate "1993.07.??"]
[PlyCount "80"]

1.d4 Nf6 2.c4 e6 3.Nc3 Bb4 4.e3 c5 5.Bd3 Nc6 6.Nf3 Bxc3+ 7.bxc3 d6 8.O-O 
e5 9.Qc2 O-O 10.d5 Ne7 11.Nd2 Ng6 12.f4 Ng4 13.Nf3 f5 14.h3 Nh6 15.Nh2 e4 
16.Be2 Qe7 17.Bd2 Nh8 18.Be1 g5 19.g4 N8f7 20.Bg3 Kh8 21.Qd2 Rg8 22.Qe1 
Bd7 23.Kh1 Rg6 24.fxg5 Nxg5 25.h4 Nf3 26.Bxf3 exf3 27.g5 Ng4 28.Rxf3 Qe4 
29.Qe2 Re8 30.Re1 Ne5 31.Bxe5+ Rxe5 32.Kg1 Qxh4 33.Qf2 Rxg5+ 34.Kf1 Qxc4+ 
35.Re2 Bb5 36.Rf4 Qxe2+ 37.Qxe2 Bxe2+ 38.Kxe2 Rg2+ 39.Rf2 Rxf2+ 40.Kxf2 
Rxd5 0-1

[Event "interzonal (w)"]
[Site "Jakarta INA"]
[Date "1993.??.??"]
[Round "2"]
[White "Kulish, Irina"]
[Black "Voiska, Margarita"]
[Result "1/2-1/2"]
[WhiteElo "2225"]
[BlackElo "2345"]
[EventDate "1993.07.??"]
[PlyCount "78"]

1.e4 e5 2.Nf3 Nc6 3.Nc3 Nf6 4.d4 exd4 5.Nxd4 Bb4 6.Nxc6 bxc6 7.Bd3 d5 8.
exd5 cxd5 9.O-O O-O 10.Bg5 c6 11.Na4 h6 12.Bh4 Re8 13.c4 Be6 14.Rc1 Rb8 
15.b3 Qe7 16.cxd5 Bxd5 17.Bc4 Rbd8 18.Bxd5 cxd5 19.Qd4 g5 20.Bg3 Ne4 21.
Rc2 Nxg3 22.hxg3 Qe4 23.Qxe4 dxe4 24.Rc4 Bd2 25.Kh2 h5 26.Rc5 Kg7 27.Nb2 
Rc8 28.Rxc8 Rxc8 29.Nc4 Bb4 30.Rd1 Bc5 31.Kg1 f5 32.Kf1 Kf6 33.Ke2 Ke6 34.
Rh1 Rh8 35.a3 Bd4 36.Rd1 Rd8 37.Rh1 Rh8 38.Rd1 Rd8 39.Rh1 Rh8 1/2-1/2

[Event "interzonal (w)"]
[Site "Jakarta INA"]
[Date "1993.??.??"]
[Round "2"]
[White "Levitan, Yuliya"]
[Black "Wijayanti, Lindri Juni"]
[Result "1/2-1/2"]
[WhiteElo "2270"]
[BlackElo "2185"]
[EventDate "1993.07.??"]
[PlyCount "90"]

1.Nf3 Nf6 2.g3 g6 3.Bg2 Bg7 4.O-O O-O 5.d3 d6 6.e4 e5 7.Nc3 Nc6 8.h3 Re8 
9.Be3 h6 10.Qd2 Kh7 11.Nh2 Bd7 12.f4 exf4 13.Rxf4 g5 14.Rf2 Ne5 15.g4 Kg8 
16.Raf1 c6 17.Nf3 Nxf3+ 18.Rxf3 Be6 19.Ne2 Nd7 20.Nd4 Ne5 21.R3f2 d5 22.b3
Ng6 23.c3 Qa5 24.b4 Qc7 25.Nf5 Rad8 26.Nxg7 Kxg7 27.Bd4+ Kh7 28.exd5 cxd5 
29.Bf6 Rd7 30.d4 Rc8 31.Rf3 a5 32.a3 Qb6 33.Qd3 Kg8 34.Kh1 Rdc7 35.Qd2 
axb4 36.axb4 Qb5 37.Re3 Nf4 38.Rfe1 Qd7 39.Be5 Nxg2 40.Kxg2 Rc6 41.Qf2 
Rxc3 42.Qf6 Rc2+ 43.R1e2 Rxe2+ 44.Rxe2 Kf8 45.Qxh6+ Ke8 1/2-1/2

[Event "interzonal (w)"]
[Site "Jakarta INA"]
[Date "1993.??.??"]
[Round "2"]
[White "Safranska, Anda"]
[Black "Marinello, Beatriz"]
[Result "1-0"]
[WhiteElo "2290"]
[BlackElo "2160"]
[EventDate "1993.07.??"]
[PlyCount "113"]

1.g3 g6 2.Bg2 Bg7 3.e4 c5 4.d3 Nc6 5.f4 d6 6.Nf3 e6 7.O-O Nge7 8.c3 O-O 9.
Be3 Rb8 10.a4 b6 11.Na3 a6 12.d4 cxd4 13.cxd4 d5 14.e5 Bb7 15.g4 Qd7 16.
Nh4 f5 17.exf6 Bxf6 18.Nf3 Bg7 19.Ne5 Nxe5 20.fxe5 Rxf1+ 21.Bxf1 Rf8 22.
Rc1 Nc6 23.Nb1 Qe7 24.Qe1 Na5 25.Rc2 Nc4 26.Bc1 Rf7 27.b3 Na5 28.Rc3 Bf8 
29.Bd2 Nc6 30.Be3 Qd7 31.Qg3 Be7 32.Nd2 Bb4 33.Rc2 Na5 34.Bf2 Rf8 35.Be2 
Qf7 36.Be1 Nc6 37.Qe3 Qe7 38.Bf2 Rxf2 39.Kxf2 Qh4+ 40.Kf1 Qxh2 41.Nf3 Qh3+
42.Kf2 Qxg4 43.Qg5 Qe4 44.Rxc6 Bxc6 45.Qd8+ Bf8 46.Qc8 Qc2 47.Qxe6+ Kg7 
48.Ng5 Qf5+ 49.Qxf5 gxf5 50.Ne6+ Kg8 51.Nxf8 Kxf8 52.Bxa6 Bd7 53.Bb7 Be6 
54.Kf3 h5 55.Bc6 Kf7 56.Kf4 Kg6 57.b4 1-0

[Event "interzonal (w)"]
[Site "Jakarta INA"]
[Date "1993.??.??"]
[Round "2"]
[White "Sofieva, Ainur"]
[Black "Khurtsidze, Nino"]
[Result "1-0"]
[WhiteElo "2390"]
[BlackElo "2325"]
[EventDate "1993.07.??"]
[PlyCount "109"]

1.e4 c5 2.Nf3 e6 3.d3 Nc6 4.g3 d5 5.Nbd2 g6 6.Bg2 Bg7 7.O-O Nge7 8.Re1 b6 
9.c3 dxe4 10.dxe4 O-O 11.Qe2 Qd7 12.Nf1 Rd8 13.Ne3 Bb7 14.Ng4 Qd3 15.Bg5 
Qxe2 16.Rxe2 Rd7 17.Ree1 Ba6 18.Nf6+ Bxf6 19.Bxf6 Rad8 20.e5 h6 21.h4 Rc8 
22.Nh2 Nd5 23.Bxd5 Rxd5 24.Rad1 Rc7 25.Ng4 h5 26.Ne3 Rdd7 27.f4 Bd3 28.Rd2
c4 29.Red1 b5 30.g4 Nb8 31.gxh5 gxh5 32.f5 Be4 33.fxe6 fxe6 34.Rd4 Bc6 35.
Kf2 Rxd4 36.cxd4 Rf7 37.d5 exd5 38.Nxd5 Bxd5 39.Rxd5 Nd7 40.Rxb5 Nxf6 41.
exf6 Rxf6+ 42.Ke3 Kg7 43.Rxh5 Rb6 44.Rg5+ Kh6 45.Rg2 Kh5 46.Kd4 Kxh4 47.
Kxc4 Kh3 48.Re2 Kg4 49.b4 Kf5 50.a4 Kf6 51.Kc5 Rb8 52.b5 Rc8+ 53.Kd6 Rd8+ 
54.Kc6 Rd4 55.a5 1-0

[Event "interzonal (w)"]
[Site "Jakarta INA"]
[Date "1993.??.??"]
[Round "2"]
[White "Sulistya, Maria Lucia Ratna"]
[Black "Semenova, Lidia"]
[Result "0-1"]
[WhiteElo "2190"]
[BlackElo "2285"]
[EventDate "1993.07.??"]
[PlyCount "80"]

1.e4 e5 2.Nf3 Nc6 3.Bb5 Nge7 4.c3 a6 5.Ba4 d6 6.d4 Bd7 7.O-O Ng6 8.Qe2 Be7
9.Rd1 Qc8 10.Be3 O-O 11.dxe5 dxe5 12.Nbd2 h6 13.Nf1 Nd4 14.cxd4 Bxa4 15.b3
Bb5 16.Qc2 exd4 17.Nxd4 Bd7 18.Ng3 Re8 19.Ndf5 Bf8 20.Rac1 c6 21.Bd4 Nf4 
22.Qd2 Bxf5 23.Nxf5 Qc7 24.f3 Ne6 25.Bb2 Rad8 26.Qc3 Kh7 27.g3 Rxd1+ 28.
Rxd1 Rd8 29.Rxd8 Qxd8 30.Kg2 Qd1 31.Nd4 Nxd4 32.Qxd4 Qb1 33.e5 Qxa2 34.
Qd3+ Kg8 35.Qd2 Qxb3 36.Bc3 Qd5 37.Qb2 b5 38.Qa1 b4 39.Bb2 a5 40.g4 a4 0-1

[Event "interzonal (w)"]
[Site "Jakarta INA"]
[Date "1993.??.??"]
[Round "2"]
[White "Wang Pin"]
[Black "Matveeva, Svetlana"]
[Result "0-1"]
[WhiteElo "2335"]
[BlackElo "2395"]
[EventDate "1993.07.??"]
[PlyCount "80"]

1.e4 c5 2.Nf3 d6 3.d4 Nf6 4.Nc3 cxd4 5.Nxd4 g6 6.Be3 Bg7 7.f3 Nc6 8.Qd2 
O-O 9.O-O-O Nxd4 10.Bxd4 Be6 11.Kb1 Rc8 12.g4 Nd7 13.Bxg7 Kxg7 14.h4 Qa5 
15.h5 g5 16.Be2 h6 17.f4 gxf4 18.Qxf4 Rxc3 19.bxc3 Nb6 20.Qe3 Rc8 21.Qd4+ 
f6 22.Qb4 Qxa2+ 23.Kc1 Na4 24.Rh3 Nc5 25.Qb2 Qxb2+ 26.Kxb2 Na4+ 27.Kc1 
Nxc3 28.Re1 b5 29.Bd3 Rc5 30.Kd2 b4 31.e5 dxe5 32.Bf5 Bd5 33.g5 hxg5 34.
h6+ Kh8 35.Ra1 a5 36.Ke1 Be4 37.Bxe4 Nxe4 38.Rd3 Nd6 39.Kd2 Kh7 40.Rh3 
Ne4+ 0-1

[Event "interzonal (w)"]
[Site "Jakarta INA"]
[Date "1993.??.??"]
[Round "3"]
[White "Amura, Claudia"]
[Black "Shumiakina, Tatiana"]
[Result "1/2-1/2"]
[WhiteElo "2365"]
[BlackElo "2320"]
[EventDate "1993.07.??"]
[PlyCount "51"]

1.d4 d5 2.c4 e6 3.Nc3 c6 4.Nf3 dxc4 5.a4 Bb4 6.g3 b5 7.Bg2 Bb7 8.O-O a6 9.
Bg5 Be7 10.Qd2 Nf6 11.Ne5 h6 12.Bxf6 gxf6 13.Ng4 h5 14.Ne3 Qc7 15.axb5 
axb5 16.Nxb5 cxb5 17.Rxa8 Bxa8 18.Bxa8 h4 19.Bg2 f5 20.Nc2 Kf8 21.Rd1 Qb6 
22.d5 hxg3 23.hxg3 Bf6 24.Qb4+ Kg7 25.Na3 Na6 26.Qd2 1/2-1/2

[Event "interzonal (w)"]
[Site "Jakarta INA"]
[Date "1993.??.??"]
[Round "3"]
[White "Cramling, Pia"]
[Black "Galliamova-Ivanchuk, Alisa"]
[Result "1-0"]
[WhiteElo "2525"]
[BlackElo "2435"]
[EventDate "1993.07.??"]
[PlyCount "77"]

1.d4 Nf6 2.c4 e6 3.Nf3 d5 4.Nc3 dxc4 5.e4 Bb4 6.Bg5 c5 7.Bxc4 cxd4 8.Nxd4 
Bxc3+ 9.bxc3 Qa5 10.Bb5+ Nbd7 11.Bxf6 Qxc3+ 12.Kf1 gxf6 13.h4 a6 14.Rh3 
Qa5 15.Be2 Ke7 16.Rc1 Rd8 17.Qc2 Ne5 18.Qb2 Rd6 19.Rb3 Kf8 20.h5 Qd8 21.
Qa3 Qe7 22.Rg3 Rd7 23.Qe3 Qd8 24.Nf3 Nc6 25.Qh6+ Ke7 26.Qxh7 Nd4 27.Rg8 
Qb6 28.Qg7 Rd8 29.Rxd8 Qxd8 30.Nxd4 Qxd4 31.h6 Bd7 32.h7 Qb2 33.Re1 Bb5 
34.h8=Q Rxh8 35.Qxh8 Qxa2 36.Bxb5 axb5 37.Qb8 Qc4+ 38.Kg1 Qc6 39.Rd1 1-0

[Event "interzonal (w)"]
[Site "Jakarta INA"]
[Date "1993.??.??"]
[Round "3"]
[White "Dabrowska, Krystyna"]
[Black "Starr, Nava"]
[Result "1-0"]
[WhiteElo "2240"]
[BlackElo "2210"]
[EventDate "1993.07.??"]
[PlyCount "55"]

1.e4 e5 2.Nf3 Nf6 3.d4 Nxe4 4.Bd3 d5 5.Nxe5 Nd7 6.Nxd7 Bxd7 7.O-O Qh4 8.c4
O-O-O 9.c5 g6 10.Nc3 Bg7 11.Be3 Nxc5 12.g3 Qh3 13.dxc5 d4 14.Nd5 dxe3 15.
c6 Be6 16.Nxe3 Bd4 17.Re1 Bxe3 18.Rxe3 Bd5 19.Bf1 Qf5 20.Qa4 Bxc6 21.Qxa7 
Rd2 22.Re7 Kd8 23.Rae1 Rf8 24.b4 Qc8 25.Qe3 Rd6 26.Qg5 f6 27.Qh6 Re8 28.
Qxh7 1-0

[Event "interzonal (w)"]
[Site "Jakarta INA"]
[Date "1993.??.??"]
[Round "3"]
[White "Holoubkova, Martina"]
[Black "Tverskaya, Julia"]
[Result "1-0"]
[WhiteElo "2235"]
[BlackElo "2090"]
[EventDate "1993.07.??"]
[PlyCount "85"]

1.e4 c5 2.c3 d6 3.d4 cxd4 4.cxd4 g6 5.Nc3 Bg7 6.h3 Nc6 7.Nf3 Nf6 8.Be2 O-O
9.O-O h6 10.d5 Nb8 11.Be3 Nbd7 12.Qc2 b6 13.Nd4 Bb7 14.Qd2 Kh7 15.f4 Rc8 
16.Bf3 a6 17.g4 b5 18.h4 b4 19.Nce2 Nc5 20.Ng3 e5 21.fxe5 Nxg4 22.Bxg4 
Qxh4 23.Qh2 Qxg4 24.Rf4 Qg5 25.Nf3 Qe7 26.Rh4 Rh8 27.Bg5 Qf8 28.exd6 f6 
29.Be3 g5 30.Rh5 Qxd6 31.Qh3 Qf8 32.Qf5+ Kg8 33.Nd4 Re8 34.Rc1 Re5 35.Qg6 
Rh7 36.Nf3 Nd3 37.Nxe5 Nxc1 38.Nd7 Qd8 39.Nc5 Qc7 40.Nf5 Bc8 41.d6 Qd8 42.
Ne7+ Kh8 43.Qf7 1-0